Southville International School and Colleges
Your cart is empty.
  • Cart
  • Lists
    Public lists Eva Luna New books Lux_list list_1
    Your lists Log in to create your own lists
  • Log in to your account
  • Your cookies
  • Search history
Southville International School and Colleges
  • Advanced search
  • Recent comments
  • Most popular
  • Libraries

Log in to your account

Log in with GOOGLE


If you do not have an external account, but do have a local account, you can still log in:

  1. Home
  2. MARC view: Diary of a wimpy kid :
Normal view MARC view ISBD view

Diary of a wimpy kid : (Record no. 306287)

[ view plain ]
MARC details
000 -LEADER
fixed length control field 00864nam a2200349Ia 4500
008 - FIXED-LENGTH DATA ELEMENTS--GENERAL INFORMATION
fixed length control field 170203s9999 xx 000 0 und d
020 ## - INTERNATIONAL STANDARD BOOK NUMBER
International Standard Book Number 9781419711893
050 ## - LIBRARY OF CONGRESS CALL NUMBER
Classification number Fic
050 ## - LIBRARY OF CONGRESS CALL NUMBER
Item number K55d
100 ## - MAIN ENTRY--PERSONAL NAME
Personal name Kinney, Jeff.
245 ## - TITLE STATEMENT
Title Diary of a wimpy kid :
245 ## - TITLE STATEMENT
Remainder of title the long haul /
245 ## - TITLE STATEMENT
Statement of responsibility, etc by Jeff Kinney.
260 ## - PUBLICATION, DISTRIBUTION, ETC. (IMPRINT)
Place of publication, distribution, etc New York :
260 ## - PUBLICATION, DISTRIBUTION, ETC. (IMPRINT)
Name of publisher, distributor, etc Amulet Books,
260 ## - PUBLICATION, DISTRIBUTION, ETC. (IMPRINT)
Date of publication, distribution, etc 2014
300 ## - PHYSICAL DESCRIPTION
Extent 217 pages :
300 ## - PHYSICAL DESCRIPTION
Other physical details illustrations ;
300 ## - PHYSICAL DESCRIPTION
Dimensions 21 cm.
440 ## - SERIES STATEMENT/ADDED ENTRY--TITLE
Title Diary of a wimpy kid ;
440 ## - SERIES STATEMENT/ADDED ENTRY--TITLE
Volume number/sequential designation bk.9.
650 ## - SUBJECT ADDED ENTRY--TOPICAL TERM
Topical term or geographic name as entry element Automobile travel --
650 ## - SUBJECT ADDED ENTRY--TOPICAL TERM
Topical term or geographic name as entry element Automobile travel --
650 ## - SUBJECT ADDED ENTRY--TOPICAL TERM
Topical term or geographic name as entry element Diaries --
650 ## - SUBJECT ADDED ENTRY--TOPICAL TERM
Topical term or geographic name as entry element Families --
650 ## - SUBJECT ADDED ENTRY--TOPICAL TERM
Topical term or geographic name as entry element Vacations --
650 ## - SUBJECT ADDED ENTRY--TOPICAL TERM
General subdivision Fiction.
650 ## - SUBJECT ADDED ENTRY--TOPICAL TERM
General subdivision Juvenile fiction.
650 ## - SUBJECT ADDED ENTRY--TOPICAL TERM
General subdivision Juvenile fiction.
650 ## - SUBJECT ADDED ENTRY--TOPICAL TERM
General subdivision Juvenile fiction.
650 ## - SUBJECT ADDED ENTRY--TOPICAL TERM
General subdivision Juvenile fiction.
Holdings
Withdrawn status Lost status Damaged status Home library Current library Shelving location Date acquired Total Checkouts Full call number Barcode Date last seen Price effective from Koha item type Source of classification or shelving scheme Source of acquisition Sub Shelving location
      Elizalde Library Elizalde Library Fiction Section 04/26/2024   Fic Kin55d 2015 E12492 04/26/2024 04/26/2024 Books Dewey Decimal Classification Library Fund  
      Elizalde Library Elizalde Library Fiction Section 03/12/2025   Fic Kin55d 2015 E12150 03/12/2025 03/12/2025 Books Dewey Decimal Classification Library Fund  
      Munich Library Munich Library Fiction Section 04/15/2025   Fic k558 2015 M8943 04/15/2025 04/15/2025 Books Dewey Decimal Classification Library Fund  
      Stonyhurst Southville International School (Batangas) Stonyhurst Southville International School (Batangas)   02/03/2017   Fic .K55d 2014 LS-4478 02/03/2017 02/03/2017 Books      

Diary of a wimpy kid :

APA

Kinney J., .Diary of a wimpy kid. New York: .

Chicago

Kinney Jeff, .Diary of a wimpy kid. New York: .

Harvard

Kinney J., .Diary of a wimpy kid. New York: .

MLA

Kinney Jeff, .New York: . .

  • Place hold
  • Print
  • Cite
  • Add to your cart (remove)
  • Save record
    BIBTEX Dublin Core MARCXML MARC (non-Unicode/MARC-8) MARC (Unicode/UTF-8) MARC (Unicode/UTF-8, Standard) MODS (XML) RIS
  • More searches
    Search for this title in:
    Other Libraries (WorldCat) Other Databases (Google Scholar) Online Stores (Bookfinder.com) Open Library (openlibrary.org)

Exporting to Dublin Core...

SOUTHVILLE LIBRARY

Southville International School and Colleges Library

1281 Tropical Ave. Cor. Luxembourg St., BF Homes International, Las Pinas City

Tel. No. 8256374 / 252358 Loc. 117/146

Powered by Koha